[Event "ICS rated standard match"]
[Site "204.178.125.65"]
[Date "2000.04.23"]
[Round "?"]
[White "WhiteCastles"]
[Black "Hossa"]
[Result "1-0"]
[WhiteElo "2610"]
[BlackElo "2369"]
[PlyCount "201"]
[EventDate "2000.??.??"]

1. d4 d5 2. c4 c6 3. Nf3 Nf6 4. Nc3 dxc4 5. a4 Bf5 6. e3 e6 7. Bxc4 Bb4 8. O-O
O-O 9. Nh4 Bg4 10. f3 Bh5 11. g4 Bg6 12. e4 Nbd7 13. g5 Ne8 14. Nxg6 hxg6 15.
Be3 e5 16. Kg2 exd4 17. Qxd4 Bc5 18. Qd2 Bxe3 19. Qxe3 Nd6 20. Ba2 Qe7 21. f4
b6 22. Rfd1 Rfd8 23. b4 a5 24. bxa5 Rxa5 25. Qd4 Nc5 26. e5 Ndb7 27. Qb4 Qc7
28. Rxd8+ Qxd8 29. Rd1 Qc8 30. Kg3 Qc7 31. Rb1 Qd7 32. Rd1 Qf5 33. Bb1 Qc8 34.
Qxb6 Nxa4 35. Nxa4 Rxa4 36. Bxg6 Ra3+ 37. Rd3 Rxd3+ 38. Bxd3 Qd8 39. Qxd8+ Nxd8
40. g6 fxg6 41. Bxg6 c5 42. Kf3 Kf8 43. Bd3 Ne6 44. f5 Nd4+ 45. Ke4 Nc6 46. h4
Ne7 47. e6 Nc6 48. Kd5 Nb4+ 49. Kc4 Ke7 50. h5 Kf6 51. Bb1 Nc6 52. Kxc5 Ne7 53.
Kd6 Ng8 54. Kd7 Ne7 55. Ke8 Nc8 56. Kf8 Ne7 57. Bd3 Nd5 58. Be4 Ne7 59. Ke8 Ng8
60. Bg2 Ne7 61. Bh3 Nd5 62. Bf1 Ne7 63. Bd3 Nc8 64. Kd7 Ne7 65. Bb1 Ng8 66. Be4
Ne7 67. Kd8 Ng8 68. Ke8 Ne7 69. Kf8 Nc8 70. Bc2 Ne7 71. Bb1 Nd5 72. Ke8 Nc7+
73. Kd7 Nd5 74. Bc2 Ne7 75. Kd8 Nd5 76. Bd1 Ne7 77. Bg4 Nc6+ 78. Ke8 Ne5 79.
Bd1 Nc6 80. Ba4 Nd4 81. Bc2 Nc6 82. Bb1 Ne7 83. Kd8 Nc6+ 84. Kc7 Ne5 85. Kd6
Nc4+ 86. Kc5 Nd2 87. Bd3 Nf3 88. Kd6 Ng5 89. Bb1 Nf7+ 90. exf7 Kxf7 91. Ke5 Kg8
92. Bd3 Kf8 93. Ke6 Ke8 94. Bc4 g6 95. fxg6 Kf8 96. h6 Kg8 97. Ke5+ Kh8 98. g7+
Kh7 99. g8=Q+ Kxh6 100. Kf5 Kh5 101. Qh7# {Hossa checkmated} 1-0

[Event "ICS rated standard match"]
[Site "204.178.125.65"]
[Date "2000.04.23"]
[Round "?"]
[White "Hossa"]
[Black "WhiteCastles"]
[Result "0-1"]
[WhiteElo "2363"]
[BlackElo "2616"]
[PlyCount "94"]
[EventDate "2000.??.??"]

1. e4 c5 2. Nf3 e6 3. d4 cxd4 4. Nxd4 Nf6 5. Nc3 d6 6. Be2 a6 7. O-O Be7 8. f4
O-O 9. Be3 Nc6 10. e5 dxe5 11. Nxc6 bxc6 12. fxe5 Nd7 13. Bd3 Qa5 14. Qh5 g6
15. Qf3 Nxe5 16. Qf4 Rb8 17. Bd4 Nd7 18. a3 c5 19. b4 cxb4 20. axb4 Qxb4 21.
Ra4 Qd6 22. Qf2 Nc5 23. Rc4 Nxd3 24. cxd3 f5 25. Qe2 Rb3 26. Be5 Qb6+ 27. Rf2
Bd7 28. Rc7 Rc8 29. Rxc8+ Bxc8 30. Qc2 Bd7 31. g3 a5 32. d4 a4 33. Qd2 Qb4 34.
Nd1 Rb1 35. Qc2 a3 36. Rf1 Bb5 37. Ne3 Bxf1 38. Nxf1 Qb5 39. Qf2 a2 40. Kg2
a1=Q 41. Nd2 Qd5+ 42. Kh3 g5 43. Bf6 Bxf6 44. g4 Rg1 45. Qg3 Rxg3+ 46. Kxg3
Qg1+ 47. Kh3 Qxg4# {Hossa checkmated} 0-1

[Event "ICS rated standard match"]
[Site "204.178.125.65"]
[Date "2000.04.23"]
[Round "?"]
[White "Weezer"]
[Black "Hossa"]
[Result "1-0"]
[WhiteElo "2085"]
[BlackElo "2357"]
[PlyCount "105"]
[EventDate "2000.??.??"]

1. e4 e5 2. Nc3 Nf6 3. f4 d5 4. fxe5 Nxe4 5. Qf3 Nxc3 6. dxc3 Be6 7. Bf4 g5 8.
Bg3 Bg7 9. O-O-O Nc6 10. Qe3 h5 11. Bb5 h4 12. Bf2 g4 13. Ne2 a6 14. Bxc6+ bxc6
15. Kb1 h3 16. gxh3 Rxh3 17. Bg3 Bf5 18. Rhf1 Bd7 19. c4 Bh6 20. Qc3 Rh5 21.
cxd5 cxd5 22. Rxd5 Qe7 23. Rfd1 Rd8 24. Qxc7 Bg5 25. Nc3 Qe6 26. Rd6 Qf5 27. e6
Qxe6 28. Rxe6+ Bxe6 29. Qc6+ Bd7 30. Qxa6 Be7 31. Nd5 Rxd5 32. Rxd5 f6 33. Qd3
Be6 34. Qg6+ Bf7 35. Rxd8+ Bxd8 36. Qe4+ Kd7 37. Qb7+ Ke8 38. Bd6 Be6 39. Qb5+
Kf7 40. Qh5+ Kg7 41. Qe8 Bf7 42. Qxd8 Kg6 43. Qd7 Bd5 44. Qxg4+ Kf7 45. Qf5 Bc6
46. Be5 Bd5 47. Qxf6+ Ke8 48. Bd6 Bxa2+ 49. Kxa2 Kd7 50. Be5 Ke8 51. Qe6+ Kd8
52. Qf7 Kc8 53. Qc7# {Hossa checkmated} 1-0

[Event "ICS rated blitz match"]
[Site "204.178.125.65"]
[Date "2000.04.23"]
[Round "?"]
[White "Hossa"]
[Black "pavo"]
[Result "1-0"]
[WhiteElo "2369"]
[BlackElo "2125"]
[PlyCount "31"]
[EventDate "2000.??.??"]

1. e4 e5 2. Nf3 Nc6 3. Nc3 Nf6 4. Nxe5 Nxe5 5. d4 Nc6 6. d5 Nb8 7. e5 Ng8 8. d6
cxd6 9. exd6 Qa5 10. Bf4 Nf6 11. Bc4 Nc6 12. Qe2+ Kd8 13. O-O-O g6 14. Nb5 Bg7
15. Bg5 Re8 16. Qf3 {pavo resigns} 1-0

[Event "ICS rated blitz match"]
[Site "204.178.125.65"]
[Date "2000.04.23"]
[Round "?"]
[White "Hossa"]
[Black "prg3"]
[Result "0-1"]
[WhiteElo "2375"]
[BlackElo "2046"]
[PlyCount "138"]
[EventDate "2000.??.??"]

1. e4 e5 2. Nf3 Nc6 3. Nc3 Nf6 4. Nxe5 Nxe5 5. d4 Ng6 6. e5 Ng8 7. Bc4 Bb4 8.
Qf3 Qe7 9. O-O Bxc3 10. bxc3 Nh6 11. Rb1 O-O 12. Bxh6 gxh6 13. Qe3 b6 14. Qxh6
Bb7 15. Rfe1 Qh4 16. Qxh4 Nxh4 17. d5 Rae8 18. Re2 Kh8 19. f4 d6 20. g3 Ng6 21.
Rbe1 dxe5 22. f5 f6 23. fxg6 hxg6 24. g4 g5 25. Bb5 Re7 26. c4 Rh7 27. Rf2 Kg7
28. Bd7 Rh3 29. Rb1 Rc3 30. Rb4 a5 31. Ra4 Ba6 32. Bb5 Bxb5 33. cxb5 Rd8 34.
Rd2 Kf7 35. Kf2 Ke7 36. Ke1 Kd6 37. Rf2 Rf8 38. Kd2 Rh3 39. c4 Kc5 40. Kd1 Rh4
41. Rg2 Rfh8 42. h3 Rxh3 43. Rf2 R8h6 44. Rd2 Rh1+ 45. Kc2 R1h2 46. Ra3 Rxd2+
47. Kxd2 Rh2+ 48. Kc1 Kxc4 49. Rf3 Rh6 50. Kb2 e4 51. Rc3+ Kxd5 52. Rxc7 Rh2+
53. Rc2 Rxc2+ 54. Kxc2 Ke5 55. Kc3 f5 56. gxf5 Kxf5 57. Kd4 Kf4 58. Kd5 e3 59.
a4 e2 60. Kc6 e1=Q 61. Kxb6 Qe3+ 62. Kxa5 Ke5 63. Ka6 Kd6 64. Kb7 Qe7+ 65. Kb8
Qc7+ 66. Ka8 Kc5 67. a5 Kxb5 68. a6 Kb6 69. a7 Qxa7# {Hossa checkmated} 0-1

[Event "ICS rated blitz match"]
[Site "204.178.125.65"]
[Date "2000.04.23"]
[Round "?"]
[White "MissSilicon"]
[Black "Hossa"]
[Result "1-0"]
[WhiteElo "2556"]
[BlackElo "2347"]
[PlyCount "117"]
[EventDate "2000.??.??"]

1. e4 e5 2. f4 exf4 3. Nf3 d5 4. exd5 Bd6 5. Nc3 Nf6 6. Bb5+ c6 7. dxc6 Nxc6 8.
d4 O-O 9. O-O Bg4 10. h3 Bh5 11. Ne2 Nd5 12. Qd3 Ncb4 13. Qb3 Bg6 14. Ne1 Qg5
15. c4 Ne3 16. Bxe3 fxe3 17. c5 Bxc5 18. Nf3 Qe7 19. dxc5 Qxc5 20. Nfd4 a6 21.
Rac1 Qd6 22. a3 axb5 23. axb4 Rfe8 24. Nxb5 Qd3 25. Nbc3 Re5 26. Rcd1 Qa6 27.
Rd7 Rf8 28. Rfd1 Qf6 29. Kh1 b5 30. R7d5 Rh5 31. Rxh5 Bxh5 32. Qd5 Bxe2 33.
Nxe2 Rb8 34. Rd3 h6 35. Rxe3 Qxb2 36. Re7 Qb1+ 37. Kh2 Qf1 38. Qd7 Kh7 39. Rxf7
Qa1 40. Qf5+ Kg8 41. Nf4 Qd4 42. Qe6 Kh8 43. Ng6+ Kh7 44. Ne5 Qe4 45. Rxg7+
Kxg7 46. Qf7+ Kh8 47. Ng6+ Qxg6 48. Qxg6 Rb7 49. Qxh6+ Kg8 50. Qc6 Rf7 51. Qxb5
Kh8 52. Qe5+ Kg8 53. b5 Rb7 54. Qd5+ Kf8 55. Qxb7 Ke8 56. b6 Kf8 57. Qc7 Kg8
58. b7 Kh8 59. b8=Q# {Hossa checkmated} 1-0

[Event "ICS rated standard match"]
[Site "204.178.125.65"]
[Date "2000.04.23"]
[Round "?"]
[White "Hossa"]
[Black "Evilone"]
[Result "1-0"]
[WhiteElo "2353"]
[BlackElo "2070"]
[PlyCount "52"]
[EventDate "2000.??.??"]

1. e4 e5 2. Nf3 f5 3. Nxe5 Qf6 4. Nc4 fxe4 5. Nc3 Qf7 6. Ne3 c6 7. Nxe4 d5 8.
Ng5 Qg6 9. h4 Bd6 10. Bd3 Qh6 11. Qe2 Ne7 12. Nf5 Bxf5 13. Bxf5 Nd7 14. Be6
O-O-O 15. Nf7 Qf6 16. Nxd6+ Kc7 17. Nf7 Nc5 18. Nxd8 Rxd8 19. Bg4 Nf5 20. Bxf5
Qxf5 21. d4 Nd7 22. Bg5 Rf8 23. Be7 Rf7 24. O-O Nf6 25. Bxf6 Qxf6 26. Qe5+ Qxe5
{Evilone resigns} 1-0

[Event "ICS Rated blitz match"]
[Site "204.178.125.65"]
[Date "2000.04.23"]
[Round "?"]
[White "Tejas"]
[Black "Hossa"]
[Result "0-1"]
[WhiteElo "2213"]
[BlackElo "2340"]
[PlyCount "78"]
[EventDate "2000.??.??"]

1. e4 d5 2. exd5 Qxd5 3. Nc3 Qe5+ 4. Be2 Qg5 5. Bf3 Qe5+ 6. Nge2 e6 7. d4 Qd6
8. Bf4 Qd7 9. O-O Nf6 10. Re1 Be7 11. Nc1 O-O 12. Nb3 Rd8 13. Qe2 Nc6 14. Rad1
Bb4 15. Nc5 Nxd4 16. Qc4 Bxc5 17. Qxc5 Nxf3+ 18. gxf3 Qe8 19. Bxc7 Rxd1 20.
Rxd1 Nd7 21. Qd6 f6 22. Ne4 Qg6+ 23. Kh1 Qf7 24. Ba5 Qe8 25. Bb4 a5 26. Ba3 f5
27. Nc5 Nxc5 28. Bxc5 b6 29. Bxb6 Bb7 30. Rd3 Bc6 31. Re3 Bd5 32. b3 f4 33. Rd3
Qh5 34. Qxf4 Rf8 35. Qg3 Bxf3+ 36. Kg1 Bc6 37. Bc5 Qxc5 38. Rc3 Qd5 39. Kf1
Qd1# {Tejas checkmated} 0-1

[Event "ICS Rated blitz match"]
[Site "204.178.125.65"]
[Date "2000.04.23"]
[Round "?"]
[White "Aedes"]
[Black "Hossa"]
[Result "1-0"]
[WhiteElo "2596"]
[BlackElo "2350"]
[PlyCount "129"]
[EventDate "2000.??.??"]

1. d4 d5 2. c4 c6 3. Nf3 Nf6 4. e3 Bf5 5. cxd5 cxd5 6. Nc3 Nc6 7. Ne5 e6 8. g4
Bg6 9. h4 Bb4 10. h5 Be4 11. f3 Qa5 12. Nxc6 Bxc3+ 13. bxc3 Qxc3+ 14. Bd2 Qxc6
15. fxe4 Nxe4 16. Rc1 Qd7 17. Bd3 Ng3 18. Rg1 Ne4 19. Bb4 a5 20. Ba3 b5 21.
Bxe4 dxe4 22. Qc2 b4 23. Bb2 O-O 24. Qc7 Qd5 25. Qc4 Qg5 26. Ke2 a4 27. Qc5 Qf6
28. Rcf1 Qh4 29. Qe5 Rac8 30. d5 Qh2+ 31. Qxh2 Rc2+ 32. Ke1 Rxh2 33. Rf2 Rh3
34. dxe6 Rxe3+ 35. Re2 Rxe2+ 36. Kxe2 fxe6 37. Rc1 b3 38. axb3 axb3 39. Rc7 Rf7
40. Rxf7 Kxf7 41. Ke3 g6 42. Kxe4 gxh5 43. gxh5 Ke7 44. Kf4 Kd6 45. Kg5 e5 46.
Kf5 Kc5 47. Kxe5 Kc4 48. Ke4 h6 49. Bg7 Kb4 50. Kf5 Ka3 51. Kg6 Ka2 52. Kxh6
Ka3 53. Kg6 Ka2 54. h6 Ka3 55. h7 Kb4 56. h8=Q Ka4 57. Qh2 Kb4 58. Kf5 Ka4 59.
Qb2 Kb4 60. Ke4 Ka4 61. Kd5 Kb4 62. Bf8+ Kb5 63. Qxb3+ Ka6 64. Kc6 Ka7 65. Qb7#
{Hossa checkmated} 1-0

[Event "ICS rated blitz match"]
[Site "204.178.125.65"]
[Date "2000.04.23"]
[Round "?"]
[White "Hossa"]
[Black "Rodolfo"]
[Result "1-0"]
[WhiteElo "2344"]
[BlackElo "1992"]
[PlyCount "39"]
[EventDate "2000.??.??"]

1. Nf3 d5 2. c4 c6 3. g3 Nf6 4. Bg2 Bf5 5. cxd5 cxd5 6. O-O e6 7. Nc3 Nc6 8. d4
Ne4 9. Nh4 Nd6 10. Nxf5 Nxf5 11. e4 Nfxd4 12. exd5 exd5 13. Nxd5 Ne6 14. Qb3
Qd7 15. Qa4 Bc5 16. Rd1 Qc8 17. Be3 Bxe3 18. Nxe3 O-O 19. Nf5 Re8 20. Nd6 {
Rodolfo resigns} 1-0

[Event "ICS rated blitz match"]
[Site "204.178.125.65"]
[Date "2000.04.23"]
[Round "?"]
[White "tuermchen"]
[Black "Hossa"]
[Result "0-1"]
[WhiteElo "2100"]
[BlackElo "2348"]
[PlyCount "64"]
[EventDate "2000.??.??"]

1. e4 e5 2. Nf3 Nc6 3. Bb5 Bd6 4. O-O Nge7 5. c3 f5 6. exf5 Nxf5 7. d4 exd4 8.
Re1+ Nfe7 9. cxd4 O-O 10. d5 a6 11. Ba4 b5 12. Bc2 Na7 13. Qd3 g6 14. Bh6 Rf7
15. Ng5 Rf6 16. Nc3 Nf5 17. Ne6 dxe6 18. Bg5 b4 19. Ne4 Be7 20. g4 Rf8 21. gxf5
Bxg5 22. fxg6 hxg6 23. Kh1 exd5 24. Nxg5 Qxg5 25. Rg1 Bg4 26. f3 Bxf3+ 27. Qxf3
Qxg1+ 28. Rxg1 Rxf3 29. Rxg6+ Kf7 30. Rh6 Rg8 31. Rh7+ Kf8 32. h4 Rh3# 0-1

[Event "ICS rated blitz match"]
[Site "204.178.125.65"]
[Date "2000.04.23"]
[Round "?"]
[White "BarryNelson"]
[Black "Hossa"]
[Result "1-0"]
[WhiteElo "2080"]
[BlackElo "2360"]
[PlyCount "133"]
[EventDate "2000.??.??"]

1. e4 e5 2. Nf3 Nc6 3. Nc3 d6 4. d4 exd4 5. Nxd4 Nxd4 6. Qxd4 Nf6 7. Bg5 Be7 8.
O-O-O O-O 9. e5 Nd5 10. Nxd5 Bxg5+ 11. f4 Bh4 12. g3 dxe5 13. Qxe5 Bg4 14. Re1
Bf3 15. gxh4 Qxd5 16. Rg1 Qxe5 17. Rxe5 Rfd8 18. Bd3 Rd4 19. Re7 c5 20. Rf1 Bc6
21. h5 Rad8 22. b3 h6 23. Rfe1 Rxf4 24. a4 Rf2 25. R1e5 Kf8 26. Rc7 Re8 27.
Rxc5 Rxh2 28. Bb5 Bxb5 29. axb5 b6 30. Rd5 Ra8 31. Rdd7 Rh1+ 32. Kb2 Rf1 33.
Rxa7 Rxa7 34. Rxa7 Rf6 35. Rb7 Rd6 36. c4 Ke8 37. b4 g6 38. c5 bxc5 39. bxc5
Rd5 40. c6 Rxh5 41. b6 f6 42. Rb8+ Ke7 43. c7 Rh2+ 44. Ka3 Rh3+ 45. Kb4 Rh4+
46. Ka5 Rh2 47. Kb5 Rb2+ 48. Ka6 Ra2+ 49. Kb7 Rc2 50. c8=Q Rxc8 51. Rxc8 Kd7
52. Rh8 f5 53. Rxh6 f4 54. Rxg6 Ke7 55. Rg4 f3 56. Rf4 Kd6 57. Rxf3 Kd7 58. Ka7
Ke6 59. b7 Kd5 60. b8=Q Ke4 61. Qb3 Ke5 62. Rf2 Kd6 63. Qd3+ Ke6 64. Re2+ Kf6
65. Qf3+ Kg6 66. Rg2+ Kh6 67. Qh3# {Hossa checkmated} 1-0

[Event "ICS rated blitz match"]
[Site "204.178.125.65"]
[Date "2000.04.23"]
[Round "?"]
[White "Hossa"]
[Black "BarryNelson"]
[Result "1/2-1/2"]
[WhiteElo "2333"]
[BlackElo "2107"]
[PlyCount "47"]
[EventDate "2000.??.??"]

1. e4 c5 2. Nf3 Nf6 3. e5 Nd5 4. Nc3 e6 5. Nxd5 exd5 6. d4 Nc6 7. dxc5 Bxc5 8.
Qxd5 d6 9. exd6 Qb6 10. Bc4 Bxf2+ 11. Ke2 O-O 12. Rf1 Be6 13. Qb5 Bxc4+ 14.
Qxc4 Rfe8+ 15. Kd1 Rad8 16. Qf4 Re6 17. c3 Rdxd6+ 18. Nd2 Rf6 19. Qe4 Rde6 20.
Qd5 Rd6 21. Qe4 Rde6 22. Qd5 Rd6 23. Qe4 Rde6 24. Qd5 1/2-1/2

[Event "ICS rated standard match"]
[Site "204.178.125.65"]
[Date "2000.04.23"]
[Round "?"]
[White "BarryNelson"]
[Black "Hossa"]
[Result "0-1"]
[WhiteElo "2177"]
[BlackElo "2358"]
[PlyCount "70"]
[EventDate "2000.??.??"]

1. e4 e5 2. Nf3 Nc6 3. Nc3 Nf6 4. Bb5 Bb4 5. O-O O-O 6. Bxc6 dxc6 7. d3 Bg4 8.
h3 Bxf3 9. Qxf3 h6 10. Nd1 a5 11. Ne3 Kh8 12. Nf5 Bd6 13. Kh1 Rg8 14. Rg1 a4
15. g4 a3 16. b3 Nh7 17. g5 hxg5 18. Bxg5 Qe8 19. Bd2 g6 20. Nh6 Rf8 21. Rg4
Qe6 22. Rag1 Rad8 23. Qg3 b5 24. Qh4 Bc5 25. R1g2 Be7 26. Bg5 Bxg5 27. Rxg5 Qf6
28. R2g4 Qf3+ 29. Kg1 Qd1+ 30. Kh2 Qxc2 31. Nf5 Rxd3 32. Rg2 Qc1 33. R5g4 gxf5
34. exf5 Rd1 35. Qh6 Qxh6 {BarryNelson resigns} 0-1

[Event "ICS rated blitz match"]
[Site "204.178.125.65"]
[Date "2000.04.23"]
[Round "?"]
[White "occam"]
[Black "Hossa"]
[Result "1-0"]
[WhiteElo "2488"]
[BlackElo "2324"]
[PlyCount "95"]
[EventDate "2000.??.??"]

1. e4 e5 2. Nf3 Nc6 3. Bb5 Bd6 4. d4 exd4 5. Nxd4 Nxd4 6. Qxd4 Qf6 7. c3 a6 8.
Bc4 Be5 9. Qd2 Bd6 10. O-O Qe5 11. f4 Bc5+ 12. Kh1 Qe7 13. e5 Nh6 14. b4 Bb6
15. Na3 Ng4 16. Qe1 h5 17. Bd3 Ba7 18. h3 g5 19. Bc4 b5 20. Bd5 Rb8 21. g3 Qe6
22. Qd1 Ne3 23. Bxe6 Nxd1 24. Bxf7+ Kxf7 25. Rxd1 gxf4 26. Bxf4 Bb7+ 27. Kh2
Ke8 28. Rf1 Be4 29. Rad1 Rg8 30. Bc1 h4 31. g4 Bb6 32. c4 Ba7 33. c5 a5 34. Rd4
Bc6 35. Bd2 axb4 36. Bxb4 Rc8 37. Rdf4 Ra8 38. Rf6 Ke7 39. Rf7+ Ke6 40. Nc2 Bb8
41. a3 Kd5 42. R1f5 Ke4 43. Rf4+ Kxe5 44. R4f5+ Ke4 45. Re7+ Kd3 46. Re3+ Kxc2
47. Rf2+ Kd1 48. Re1# 1-0

[Event "ICS rated blitz match"]
[Site "204.178.125.65"]
[Date "2000.04.23"]
[Round "?"]
[White "PostModernist"]
[Black "Hossa"]
[Result "1-0"]
[WhiteElo "2633"]
[BlackElo "2315"]
[PlyCount "115"]
[EventDate "2000.??.??"]

1. d4 d5 2. Nf3 Nf6 3. e3 e6 4. Bd3 c5 5. c3 Be7 6. Nbd2 Nc6 7. O-O O-O 8. dxc5
Bxc5 9. e4 Bd7 10. exd5 exd5 11. Nb3 Bd6 12. Re1 Qc7 13. Bg5 Ng4 14. h3 Nge5
15. Bc2 Nxf3+ 16. Qxf3 Be6 17. Be3 Rfe8 18. Nd4 Bh2+ 19. Kh1 Be5 20. Rac1 Bxd4
21. cxd4 Rac8 22. b3 Qa5 23. Bb1 Qb4 24. Qf4 Qe7 25. Kg1 b6 26. Bd2 a5 27. Bc3
Qd7 28. a4 Qe7 29. Bd3 g5 30. Qf3 Qf8 31. Bb5 Red8 32. Ba6 Rc7 33. Qg3 Qe7 34.
f4 Ra8 35. Bb5 f5 36. fxg5 Rac8 37. Ba6 f4 38. Qxf4 Rf8 39. Qg3 Rd7 40. g6 h5
41. Bb5 h4 42. Qe3 Rd6 43. Bxc6 Rxc6 44. Bb4 Qxb4 45. Rxc6 Bf5 46. g7 Rf7 47.
Rh6 Qxe1+ 48. Qxe1 Kxg7 49. Rxh4 Ra7 50. Qg3+ Kf7 51. Qf4 Kg6 52. Rh6+ Kg7 53.
Qg5+ Bg6 54. Qxg6+ Kf8 55. Rh8+ Ke7 56. Re8+ Kd7 57. Qf7+ Kd6 58. Re6# 1-0

[Event "ICS rated standard match"]
[Site "204.178.125.65"]
[Date "2000.04.23"]
[Round "?"]
[White "Hossa"]
[Black "expert101"]
[Result "1-0"]
[WhiteElo "2360"]
[BlackElo "2141"]
[PlyCount "47"]
[EventDate "2000.??.??"]

1. e4 c6 2. d4 d5 3. Nc3 dxe4 4. Nxe4 Nf6 5. Nxf6+ gxf6 6. c3 Bf5 7. Nf3 e6 8.
Bf4 Bd6 9. Bxd6 Qxd6 10. Qb3 Nd7 11. Qxb7 Rb8 12. Qa6 Rxb2 13. Qc8+ Ke7 14.
Qxh8 Qf4 15. Be2 Bg4 16. Kf1 Nf8 17. Ng1 Bxe2+ 18. Nxe2 Qe4 19. Re1 Rb1 20. Rg1
Qg6 21. f3 Rb8 22. Nf4 Qg5 23. g3 Qh6 24. Qg8 {das wars} 1-0

[Event "ICS rated standard match"]
[Site "204.178.125.65"]
[Date "2000.04.23"]
[Round "?"]
[White "expert101"]
[Black "Hossa"]
[Result "1-0"]
[WhiteElo "2134"]
[BlackElo "2367"]
[PlyCount "147"]
[EventDate "2000.??.??"]

1. e4 e5 2. Nf3 Nc6 3. Bb5 Nd4 4. Nxd4 exd4 5. O-O c6 6. Be2 Bc5 7. c3 d6 8. b4
Bb6 9. Bb2 Nf6 10. d3 dxc3 11. Nxc3 Bd4 12. Rc1 O-O 13. Qc2 Be6 14. a4 d5 15.
b5 c5 16. exd5 Nxd5 17. Nxd5 Bxd5 18. Bxd4 cxd4 19. Qc5 Re8 20. Bg4 Bb3 21. Qb4
Be6 22. Bf3 Bd5 23. Bg4 Qf6 24. Rc5 Red8 25. Rfc1 Qg6 26. Bh3 Qxd3 27. Rc7 Re8
28. Qd6 Qd2 29. Rf1 Rad8 30. Rd7 Qg5 31. f4 Rxd7 32. Qxd7 Qd8 33. Rc1 Qxd7 34.
Bxd7 Rd8 35. Bf5 g6 36. Bd3 Kg7 37. Rc7 Kf6 38. Kf2 Re8 39. a5 Re3 40. Bf1 h6
41. a6 Re7 42. b6 bxa6 43. Rxe7 Kxe7 44. bxa7 Kd6 45. Bxa6 f5 46. Bc4 Bc6 47.
h4 Kc7 48. Bf7 Kb7 49. Bxg6 Bd7 50. Ke2 Bb5+ 51. Kd2 Kxa7 52. Bxf5 Kb6 53. g4
Kc5 54. g5 h5 55. Bg6 Bc6 56. Bxh5 Be4 57. Be2 Bf5 58. h5 Kd5 59. Bd3 Be6 60.
h6 Bg8 61. g6 Kd6 62. h7 Bb3 63. h8=Q Kc7 64. Qxd4 Ba2 65. g7 Kc6 66. Be4+ Kc7
67. Qf6 Kd7 68. Bf5+ Kc7 69. Be6 Bb1 70. g8=Q Bg6 71. Qgd8+ Kc6 72. Qc3+ Kb7
73. Qdc8+ Kb6 74. Q3c5# 1-0

[Event "ICS rated blitz match"]
[Site "204.178.125.65"]
[Date "2000.04.23"]
[Round "?"]
[White "Hossa"]
[Black "samirvyas"]
[Result "1-0"]
[WhiteElo "2311"]
[BlackElo "2000"]
[PlyCount "47"]
[EventDate "2000.??.??"]

1. e4 c5 2. Nf3 d6 3. d4 cxd4 4. Nxd4 Nf6 5. Nc3 g6 6. Be3 Bg7 7. f3 O-O 8. Qd2
Nc6 9. Bc4 Bd7 10. O-O-O Rc8 11. Bb3 Ne5 12. h4 Nc4 13. Bxc4 Rxc4 14. h5 Nxh5
15. g4 Nf6 16. Bh6 a6 17. Bxg7 Kxg7 18. Qh6+ Kg8 19. Nd5 Re8 20. Nxf6+ exf6 21.
Qxh7+ Kf8 22. g5 fxg5 23. Qh6+ Kg8 24. Qh8# 1-0

[Event "ICS rated blitz match"]
[Site "204.178.125.65"]
[Date "2000.04.23"]
[Round "?"]
[White "Hossa"]
[Black "JIC"]
[Result "1-0"]
[WhiteElo "2316"]
[BlackElo "2025"]
[PlyCount "57"]
[EventDate "2000.??.??"]

1. e4 c5 2. Nf3 Nc6 3. d4 cxd4 4. Nxd4 g6 5. Nc3 Bg7 6. Be3 Nf6 7. Bc4 O-O 8.
Bb3 d6 9. f3 Bd7 10. Nxc6 bxc6 11. O-O Qc7 12. Qd2 c5 13. Bc4 Rab8 14. b3 Bc6
15. Bh6 Nd7 16. Rad1 Nb6 17. Bxg7 Kxg7 18. Ba6 Bb7 19. Bxb7 Qxb7 20. a4 Rbc8
21. a5 Nd7 22. Nd5 Rfe8 23. f4 c4 24. a6 Qxa6 25. Ra1 Qb7 26. Qd4+ e5 27. fxe5
Nxe5 28. Rxa7 Qb5 29. Rfxf7+ 1-0

[Event "ICS rated standard match"]
[Site "204.178.125.65"]
[Date "2000.04.23"]
[Round "?"]
[White "Hossa"]
[Black "Chess-2000"]
[Result "1-0"]
[WhiteElo "2342"]
[BlackElo "2061"]
[PlyCount "87"]
[EventDate "2000.??.??"]

1. e4 e6 2. d4 d5 3. exd5 exd5 4. Bd3 Bd6 5. Nc3 Ne7 6. Nf3 O-O 7. O-O Bf5 8.
Nxd5 Bxh2+ 9. Nxh2 Qxd5 10. Be2 Nbc6 11. Nf3 Be4 12. c4 Qd7 13. d5 Bxf3 14.
Bxf3 Ne5 15. Re1 Nxc4 16. Qe2 Nxd5 17. Qxc4 Nb6 18. Qb4 c6 19. Re7 Qc8 20. Be3
Re8 21. Rd1 Rxe7 22. Qxe7 Rb8 23. Bxb6 axb6 24. Rd7 Qf8 25. Rxb7 Re8 26. Qxf8+
Kxf8 27. Bxc6 Re1+ 28. Kh2 g6 29. Rxb6 Re2 30. Rb8+ Kg7 31. Kg3 h5 32. Kf3 Re6
33. Bd5 Rf6+ 34. Ke3 g5 35. b4 g4 36. a4 h4 37. Re8 h3 38. Re4 Rg6 39. gxh3
gxh3 40. Rf4 h2 41. Rxf7+ Kh6 42. Be4 Re6 43. Rh7+ Kg5 44. Rxh2 {
Chess-2000 resigns} 1-0

[Event "ICS rated blitz match"]
[Site "204.178.125.65"]
[Date "2000.04.23"]
[Round "?"]
[White "Brabo"]
[Black "Hossa"]
[Result "1/2-1/2"]
[WhiteElo "2053"]
[BlackElo "2327"]
[PlyCount "60"]
[EventDate "2000.??.??"]

1. d4 d5 2. c4 e6 3. Nc3 Nf6 4. cxd5 exd5 5. Bg5 Be7 6. e3 O-O 7. Bd3 c6 8. Nf3
Nbd7 9. Qc2 Kh8 10. O-O Kg8 11. Rab1 Re8 12. b4 a6 13. a4 Nf8 14. b5 axb5 15.
axb5 Ng4 16. Bxe7 Rxe7 17. h3 Nf6 18. bxc6 bxc6 19. Ne5 Bd7 20. Rb7 c5 21. Rfb1
c4 22. Bf5 Bxf5 23. Qxf5 Rxb7 24. Rxb7 Ra1+ 25. Kh2 Rc1 26. Nxf7 Qa8 27. Rc7
Rxc3 28. Nh6+ Kh8 29. Nf7+ Kg8 30. Nh6+ Kh8 1/2-1/2

[Event "ICS rated standard match"]
[Site "204.178.125.65"]
[Date "2000.04.23"]
[Round "?"]
[White "QueenMaxima"]
[Black "Hossa"]
[Result "1/2-1/2"]
[WhiteElo "2420"]
[BlackElo "2344"]
[PlyCount "306"]
[EventDate "2000.??.??"]

1. d4 d5 2. c4 e6 3. Nc3 Nf6 4. Nf3 Bb4 5. Bg5 dxc4 6. e4 c5 7. Bxc4 cxd4 8.
Nxd4 Bxc3+ 9. bxc3 Qa5 10. Nb5 a6 11. Nd6+ Ke7 12. Qd2 Nc6 13. Rd1 Rd8 14. f4
h6 15. Bh4 e5 16. Qd5 Qxd5 17. Bxf6+ Kxf6 18. Rxd5 Be6 19. Rf1 Ke7 20. Nxb7
Rdb8 21. Rc5 Bxc4 22. Rxc4 Rxb7 23. Rxc6 Rb1+ 24. Kf2 Rxf1+ 25. Kxf1 exf4 26.
Rc7+ Ke8 27. Ke2 Rb8 28. a4 Rb2+ 29. Kf3 Ra2 30. Ra7 Rxa4 31. Kxf4 Rc4 32. Rxa6
Rxc3 33. Kf5 Rc5+ 34. e5 Rd5 35. Ra8+ Ke7 36. Ra7+ Kf8 37. g3 Rd8 38. h3 Kg8
39. Re7 Rd3 40. Kg4 h5+ 41. Kf4 Kf8 42. Rb7 g6 43. Ra7 Kg8 44. Rc7 h4 45. gxh4
Rxh3 46. Kg5 Re3 47. Kh6 Kf8 48. Rc8+ Ke7 49. Kg7 Rxe5 50. Rc7+ Ke6 51. Rxf7
Rf5 52. Rf8 Rh5 53. Re8+ Kf5 54. Rh8 Ke5 55. Rxh5+ gxh5 56. Kg6 Ke4 57. Kh6 Ke5
58. Kg5 Ke6 59. Kf4 Kd5 60. Kg5 Ke6 61. Kxh5 Kf7 62. Kg5 Kg7 63. Kf5 Kf7 64.
Ke5 Kg7 65. Kd5 Kf6 66. Kc4 Ke5 67. Kc5 Ke6 68. Kc6 Ke7 69. Kb7 Kd7 70. Kb6 Kd6
71. Kb7 Ke6 72. Kc7 Ke7 73. Kc6 Ke6 74. Kc5 Ke5 75. Kc6 Kf6 76. Kd5 Kf5 77. Kd4
Ke6 78. Ke4 Kf6 79. Kd4 Kg7 80. Kc3 Kh8 81. Kd3 Kg7 82. Kd4 Kh8 83. Kc5 Kg8 84.
Kb4 Kh8 85. Ka3 Kg8 86. Ka2 Kh8 87. Ka1 Kg7 88. Kb2 Kh8 89. Kc3 Kg7 90. Kc4 Kh8
91. Kb4 Kg8 92. Kc5 Kh8 93. Kd5 Kg8 94. Ke5 Kh8 95. Kf6 Kg8 96. Ke6 Kg7 97. Ke5
Kf7 98. Kd5 Kg7 99. h5 Kf6 100. Kd4 Ke6 101. Ke4 Kf6 102. Kd3 Ke5 103. h6 Kf6
104. Kd4 Kf7 105. Kd5 Kg8 106. Ke5 Kh7 107. Kf5 Kh8 108. Ke4 Kh7 109. Kf4 Kh8
110. Ke5 Kg8 111. Kd5 Kh7 112. Ke5 Kh8 113. Kd4 Kh7 114. Ke4 Kh8 115. Kd5 Kg8
116. Kd4 Kh8 117. Kc4 Kh7 118. Kd4 Kh8 119. Kd3 Kh7 120. Ke3 Kh8 121. Kf2 Kh7
122. Kg2 Kh8 123. Kf1 Kh7 124. Kg1 Kh8 125. Kg2 Kh7 126. Kh2 Kh8 127. Kh1 Kh7
128. Kh2 Kh8 129. Kg1 Kh7 130. Kh1 Kh8 131. Kh2 Kh7 132. Kh3 Kh8 133. Kg3 Kh7
134. Kg4 Kh8 135. Kh4 Kh7 136. Kh5 Kh8 137. Kg4 Kh7 138. Kg5 Kh8 139. Kf5 Kh7
140. Kf6 Kh8 141. Kg6 Kg8 142. Kf6 Kh7 143. Kf7 Kh8 144. Kf8 Kh7 145. Ke8 Kh8
146. Ke7 Kh7 147. Kd7 Kh8 148. Kc6 Kh7 149. Kd6 Kh8 150. Ke6 Kh7 151. Ke7 Kh8
152. Kf6 Kh7 153. Kf7 Kh8 1/2-1/2